| 000 | 00525nam a2200169 4500 | ||
|---|---|---|---|
| 008 | 0 1997 0a 000 0USA | ||
| 020 | _a0-07-052182-4 | ||
| 050 | _aQA76.6 P73 1997 | ||
| 082 | _a001.642.5 P666s | ||
| 100 | _aPressman, Roger S. | ||
| 245 | _aSoftware Engineering : a Practitioner's Approach / Roger S. Pressman | ||
| 250 | _a4 | ||
| 260 | _aSingapore : McGraw-Hill | ||
| 300 | _axxvii, 852 p. / 24 cm. | ||
| 500 | _aContiene Index | ||
| 650 | _a1.COMPUTADORAS ELECTRONICAS DIGITALES - PROGRAMACION | ||
| 999 |
_c12624 _d12624 |
||